Statystyki dla Stany USA

Kliknij tutaj aby rozwiązać quiz!

Ogólne statystyki

  • Ten quiz został rozwiązany 420 razy
  • Średni wynik to 30 z 50

Statystyki odpowiedzi

Stan% Poprawnych
Kalifornia
90%
Nowy Jork
87%
Teksas
86%
Alaska
85%
Waszyngton
85%
Floryda
83%
Karolina Północna
83%
Karolina Południowa
82%
Alabama
79%
Arizona
74%
Nowy Meksyk
74%
Hawaje
72%
Dakota Północna
71%
Dakota Południowa
71%
Nevada
66%
Ohio
65%
Missisipi
64%
Illinois
63%
Kolorado
63%
Utah
62%
Wirginia
62%
Idaho
59%
Georgia
57%
New Jersey
56%
Kentucky
55%
Missouri
55%
Pensylwania
55%
Arkansas
54%
Oregon
54%
Kansas
52%
Nebraska
52%
Oklahoma
52%
Wyoming
52%
Montana
51%
Indiana
49%
Wirginia Zachodnia
49%
Minnesota
48%
Iowa
47%
Tennessee
46%
Luizjana
45%
Michigan
45%
Wisconsin
45%
Maine
44%
Rhode Island
42%
Massachusetts
40%
Connecticut
39%
Maryland
39%
Delaware
38%
New Hampshire
38%
Vermont
36%

Rozkład punktacji

Percentyl według liczby udzielonych odpowiedzi

Procent ludzi z każdym wynikiem

Twoja historia wyników

Nie rozwiązałeś tego quizu